| 000 | 00315nam a22001217a 4500 | ||
|---|---|---|---|
| 020 | _a9780812971156 | ||
| 082 |
_222 _a160 |
||
| 100 | _aMcInerny, D.Q. | ||
| 245 |
_aBeing logical : _ba guide to good thinking / |
||
| 260 |
_aUSA, _bRandom House, _cc2004. |
||
| 300 |
_axvi, 137p. ; _bill. ; _c20 cm. |
||
| 942 |
_2ddc _cGEN _02 |
||
| 999 |
_c1943 _d1943 |
||